000 00554nam a2200193 i 4500
001 65067
003 ES-MaACL
005 20250507063018.0
007 t|
008 040108s1972 sp ||||1| spa d
100 1 _aFraga Iribarne, Manuel,
_d1922-2012
_9193721
245 1 3 _aEl desarrollo político /
_cManuel Fraga Iribarne.
250 _a[1ª ed.].
260 _aBarcelona :
_bGrijalbo,
_c1972.
300 _a291 p. ;
_c20 cm.
852 _aES-MaACL
_jC-39221
_bR.79978
852 _aES-MaACL
_jC-41533
_bR.79898
999 _c65067
_d65067